Ο ισολογισμός των ανώνυμων εταιρειών απο νομικής απόψεως
Αποθηκεύτηκε σε:
| Κύριος συγγραφέας: | |
|---|---|
| Μορφή: | Βιβλίο |
| Γλώσσα: | Greek |
| Δημοσίευση: |
Εν Αθήναις :
Τύποις Π. Γ. Μακρή & Σία,
1923.
|
| Θέματα: | |
| Ετικέτες: |
Προσθήκη ετικέτας
Δεν υπάρχουν, Καταχωρήστε ετικέτα πρώτοι!
|
MARC
| LEADER | 00000cam a2200000 i 4500 | ||
|---|---|---|---|
| 001 | 1/68242 | ||
| 008 | 150303s1923 gr | ||| |||| ||gre|| | ||
| 035 | |l 10121317 | ||
| 040 | |a GR-MyUA |b gre |e AACR2 | ||
| 041 | 0 | |a gre | |
| 082 | 0 | |a 657.3 |2 (23) | |
| 100 | 1 | |a Θεοδωρόπουλος, Χαράλαμπος. | |
| 245 | 1 | 2 | |a Ο ισολογισμός των ανώνυμων εταιρειών απο νομικής απόψεως / |c υπό Χαρ. Θεοδωροπούλου. |
| 260 | |a Εν Αθήναις : |b Τύποις Π. Γ. Μακρή & Σία, |c 1923. | ||
| 300 | |a 107 σ. ; |c 23 εκ. | ||
| 500 | |a Στη σ. τ. σημείωση Γ. Αδαμόπουλος._1923-1924. | ||
| 650 | 0 | 0 | |a Financial statements. |
| 650 | 0 | 0 | |a Accounting |z Greece. |
| 650 | 0 | 0 | |a Accounting |x Law and legislation. |
| 852 | |a INST |b SAMOS |c PORFYRIADA |e 20150303 |h 657.3 ΘΕΟ |p 005300041875 |q 005300041875 |t NOLOAN |y 23 | ||
| 901 | |a BIBL3-2014-1 | ||
| 909 | |a Σ |b 191916 | ||
| 970 | |a ΣΙΤΖΙΜΗ |b ΓΙΑΣΕΜΗ |z 2015/03/03 | ||